000 00356pab a2200145 454500
008 180718b2002 xxu||||| |||| 00| 0 eng d
100 _aKremer, Michael
245 _aPharmaceuticals and the developing world
260 _c2002
300 _ap.67-90.
362 _aFall
650 _aDrugs
773 _aJournal of Economic Perspectives
909 _a54889
999 _c54889
_d54889